Responses for Show #2037 - Tuesday, June 15, 1993

Al Lin game 4.

Contestants

[<< previous game]

Deborah Yaffe, a reporter originally from Colorado Springs, Colorado

Don Meade, a computer programmer from New York City, New York

Al Lin, a law student originally from Chesapeake, Virginia (whose 3-day cash winnings total $34,502)

[next game >>]

Jeopardy! Round responses

MUSIC CLASS
THE FUNNIES
PERFECT PLACES
FOREIGN WORDS & PHRASES
HISTORY
"GREAT" THINGS
    $100 1
a reed

Al
    $100 26
M.D.

Deborah
    $100 22
cloud nine

Al
    $100 16
What time is it?

Al
    $100 6
Beau Brummell

Don
    $100 11
the Great Pyramid

Al
    $200 2
F

Al
    $200 27
Bruce Wayne

Al
    $200 24
Atlantis

Don
    $200 20
presto

Al
    $200 7
Mexico

Don
    $200 15
the Great Depression

Don
    $300 3
a bow

Don
    $300 28
Dogpatch

Deborah
    $300 25
Utopia

Deborah
    $300 19
do-si-do

Don
    $300 8
Orleans

Al
    $300 14
"Great Balls Of Fire"

Deborah
    $400 4
a cadenza

Don
    $400 29
Dagwood & Blondie

Don
    $400 23
Tibet

Don
    $400 18
a nosh

Deborah
    $400 9
(Al: Who is Washington?)

Thomas Jefferson

AlDeborah
    $400 13
the Great Smoky Mountains

Al
    $500 5
overblowing

Don
    $500 30
Peppermint Patty

Deborah
    $500 21
7

Don
    $500 17
Ireland forever

Al
    $500 10
(Deborah: What is State?)

the Treasury

Deborah
    $500 12
the Great Society

Al

Scores at the first commercial break (after clue 15):

Al Don Deborah
$1,200 $1,700 $200

Scores at the end of the Jeopardy! Round:

Al Don Deborah
$2,300 $3,500 $1,800

Double Jeopardy! Round responses

WORLD WAR II
THE HUMAN BODY
PEOPLE
FOOD FACTS
NEW COUNTRIES
BOOKS & AUTHORS
    $200 30
a U-boat

Al
    $200 25
the skin

Al
    $200 6
Will Rogers

Deborah
    $200 27
pumpkin

Don
    $200 16
Slovakia

Al
    $200 1
Paris

Deborah
    $400 29
Montgomery

Don
    $400 24
the brain

Al
    $400 7
Amelia Earhart

Don
    $400 26
Christmas

Deborah
    $400 17
the Ukraine

Al
    $400 2
(Mickey) Spillane

Don
    $600 28
the Enola Gay

Al
    $1,700 13
(Al: What are [**]?)
[Originally ruled incorrect; reversed after clue 23 because the clue was ambiguous enough to allow the multiple listed responses]

the bile ducts (or the hepatic ducts or cystic ducts)

Al
    $600 8
James Earl Jones

Deborah
    $600 23
(Al: What is tuna?)

a fish (a mackerel)

Al
Triple Stumper
    $600 18
Croatia

Deborah
    $600 3
Gorky Park

Deborah
    $800 15
Bill Mauldin

Deborah
    $800 12
(Al: What is the appendix?)

the colon

Al
Triple Stumper
    $800 9
(Al: Who is Yves Saint Laurent?)

Christian Dior

Al
Triple Stumper
    $800 22
gruel

Al
    $800 19
Lithuania

Deborah
    $800 4
Booth Tarkington

Al
    $1000 14
(Al: Who is Mata Hari?)

Axis Sally

AlDon
    $1000 11
the clavicle (collar bone or shoulder bone)

Al
    $1000 10
Alben Barkley

Al
    $2,000 21
maples

Al
    $1000 20
(Don: What are the Marianas?)

the Marshall Islands (or Micronesia)

AlDon
    $1000 5
Alice Walker

Deborah

Scores at the end of the Double Jeopardy! Round:

Al Don Deborah
$9,400 $4,900 $7,000

[wagering suggestions for these scores]

Final Jeopardy! Round responses

CORPORATE AMERICA
DonWhat is Mattel
$2,000
DeborahWhat is Mattell
$7,000
AlWhat is Mattel?
$4,600
Mattel

Final scores:

Al Don Deborah
$14,000 $6,900 $14,000
4-day co-champion: $48,502 2nd place: trip on Delta to Puerto Vallarta, Mexico & stay at the Camino Real + Jeopardy! home game New co-champion: $14,000

Game dynamics:

Coryat scores:

Al Don Deborah
$7,300 $4,900 $7,500
24 R
(including 2 DDs),
5 W
16 R,
1 W
16 R,
1 W
(including 1 DD)

Combined Coryat: $19,700

[game clues] [game scores] [suggest correction]

Game tape date: 1993-02-02
The J! Archive is created by fans, for fans. Scraping, republication, monetization, and malicious use prohibited; this site may use cookies and collect identifying information. See terms. The Jeopardy! game show and all elements thereof, including but not limited to copyright and trademark thereto, are the property of Jeopardy Productions, Inc. and are protected under law. This website is not affiliated with, sponsored by, or operated by Jeopardy Productions, Inc. Join the discussion at JBoard.tv.